00367nam a2200145Ia 4500008004100000020001500041041001200056082001100068100001500079245005800094260002900152300000900181650001400190700001700204221030s9999 xx 000 0 und d a8188646679 aEnglish a105.23 aM. K. Jain 0aModern Organic Chemistrycby M. K. Jain, S. C. Sharma bVishal Pub.aDelhic2010 a1226 aChemistry aS. C. Sharma